Chapman Library

Safe driving simplified (Record no. 1782)

000 -LEADER
fixed length control field 00307nam a22001337a 4500
020 ## - INTERNATIONAL STANDARD BOOK NUMBER
ISBN 9988626533
050 ## - LIBRARY OF CONGRESS CALL NUMBER
Classification number TL 152
100 ## - MAIN ENTRY--AUTHOR NAME
Personal name AMEGASHIE,Justice M.Y.
245 ## - TITLE STATEMENT
Title Safe driving simplified
260 ## - PUBLICATION, DISTRIBUTION, ETC. (IMPRINT)
Place of publication Accra
Name of publisher Woeli Publishing service
Year of publication 2005
300 ## - PHYSICAL DESCRIPTION
Number of Pages 169p
942 ## - ADDED ENTRY ELEMENTS (KOHA)
Koha item type Books
988 ## - PAGINATION/EXTENT
PAGINATION/EXTENT x,169p.; illus
Holdings
Koha item type Collection code Accession Number Permanent Location Current Location Date acquired Full call number
BooksReference2716Chapman LibraryChapman Library2017-02-09TL 152ame
BooksReference2717Chapman LibraryChapman Library2017-02-09TL 152ame
BooksReference2718Chapman LibraryChapman Library2017-02-09TL 152ame


CSUC Chapman Library is a Koha Automated Library.


Contact us: library@csuc.edu.gh.